Score 0/30 Timer 12:00
0 Plays Today
% Correct
Titanic
85.8%
Airplane!
80.1%
The Matrix
77.6%
Forrest Gump
72.1%
Monty Python and The Holy Grail
63.4%
The Shawshank Redemption
62.8%
Raiders of the Lost Ark
59.3%
Sin City
58.4%
Groundhog Day
56.6%
Terminator 2: Judgment Day
53.4%
Memento
50.6%
The Big Lebowski
49.9%
Inception
49.2%
Office Space
42.3%
Beetlejuice
42%
% Correct
The Silence of the Lambs
41.2%
The Usual Suspects
39.6%
Con Air
37.2%
Dumb & Dumber
35.3%
12 Angry Men
34.5%
Twelve Monkeys
25.5%
The Departed
25.5%
Goodfellas
23.2%
The Sixth Sense
23%
Donnie Darko
19.1%
American Psycho
15.9%
Rear Window
15.7%
Scott Pilgrim vs. the World
13.2%
No Country for Old Men
11.2%
Blue Velvet
9.4%
Remove Ads.
Support Sporcle.
Get the best of Sporcle when you Go Orange. This ad-free experience offers more features, more stats, and more fun while also helping to support Sporcle. Thank you for becoming a member.

You're not logged in!

Compare scores with friends on all Sporcle quizzes.
OR
Log In

Show Comments

Extras

Top Quizzes Today


Score Distribution

Your Account Isn't Verified!

In order to create a playlist on Sporcle, you need to verify the email address you used during registration. Go to your Sporcle Settings to finish the process.

Report this User

Report this user for behavior that violates our Community Guidelines.

Details: